| 000 | 00388 a2200169 4500 | ||
|---|---|---|---|
| 001 | 192180 | ||
| 020 | _a978-85-286-0990-5 | ||
| 040 | _cMagnum | ||
| 100 | _aPilcher, Rosamunde | ||
| 240 | 1 | 0 |
_aUm encontro inesperado _lpor |
| 245 | 1 | 0 | _aUm encontro inesperado |
| 300 | _a240 | ||
| 362 | 0 | _a2011 | |
| 440 | 1 | _aBertrand Brasil | |
| 697 | _aLITERATURA GERAL ESTRANGEIRA | ||
| 942 | _cBK | ||
| 999 |
_c192180 _d192180 |
||